00785 2200241 4500001002100000005001700021008004100038035002500079082001100104090001800115100002900133245013600162250001100298260003100309300002300340500005800363650001400421700003200435700002100467700002800488850001200516990001500528YOGYA-0209000000992420150414140459.0 ind  a0010-020900000009924 a297.12 a297.12bIsn M aISMAIL, Sya ban Muhammad aMengenal Qira-at Al-Qur ancSya ban Muhammad Ismail; penerjemah HS. Agil Husin Al-Munawar, Abd Rahman Umar, H. Nasrulloh Jamaluddin aCet. 1 aSemarangbDina Utamac1993 a173 hlm. ;c21 cm. aJudul Asli : Al-Qiraa-aatu Ahlaa muhaa wa mash damhaa aAl-Qur an aAl-Munawar, H.S. Agil Husin aUmar, Abd Rahman aJamaluddin, H.Nasrullah aYOPDYOG a62883-P/95